00403nam a22001337a 4500003000400000008004100004082001700045100001800062245010200080260003200182300000900214502001500223650003100238OSt260428b |||||||| |||| 00| 0 eng d a634.44bA25C aAhamad, Samid aA Comparative Study on Beverages of Hybrid Mango (Mangifera Indica Linn.) CVS. Mallika & Amrapali aPusa, SamastipurbRAUc1994 a84P. bMsc.d1994 aFruit and Fruit Technology